000 00279nam a2200121Ia 4500
005 20251222141816.0
008 251222s9999||||xx |||||||||||||| ||spa||
082 _a379.2/A61
100 _aAnsión Mallet, Juan
245 0 _aAnhelos y Sinsabores:
264 _bGredes
942 _cLIB
999 _c6632
_d6632